Gerencia japonesa y círculos de participación: experiencias en América Latina

Guardat en:
Dades bibliogràfiques
Autor principal: Ogliastri, Enrique (autor)
Format: Llibre
Idioma:espanyol
Publicat: Bogotá Norma 1988
Col·lecció:Serie Norma. Desarrollo Gerencial
Matèries:
Etiquetes: Afegir etiqueta
Sense etiquetes, Sigues el primer a etiquetar aquest registre!

MARC

LEADER 00000nam a2200000 a 4500
001 UCX0688
003 CL-VaPUC
008 900109e19880000CK |||||||||||||||||spa|d
082 0 4 |a 658  |b OGL  |2 21 
100 |a Ogliastri, Enrique  |e autor  |9 320597 
245 1 0 |a Gerencia japonesa y círculos de participación: experiencias en América Latina 
300 |a 198 p 
942 |c BK 
945 |d 19900109 00:00:00 
260 |a Bogotá  |b Norma  |c 1988 
650 0 |a Administración de empresas   |9 260833 
650 0 |a Empresas   |9 255569 
651 0 |a América Latina   |9 255027 
651 0 |a Japón   |9 260391 
583 |a last modification  |c 19900109 00:00:00  |k Rodrigo Vera 
490 0 |a Serie Norma. Desarrollo Gerencial 
999 |c 222207  |d 222205 
952 |0 0  |1 0  |4 0  |6 658_000000000000000_OGL_1988  |7 0  |8 A  |9 216613  |a BIBENE  |b BIBENE  |d 2019-11-15  |i 2852535  |o 658 OGL 1988  |p 2852535  |r 2025-01-15  |w 2019-11-15  |y BK  |k ICO